1427 1790 1126 1908 1834 1540 1286 1501 1892 1529 1689 1137 1524 1448 1460 1671 1710 1781 1862 1431 1638 1485 1331 1108 1674 1964 1405 1083 1469 1370 1165 1816 1501 1711 1285 1058 1113 1847 1530 1667 1592 1566 1732 1927 1181 1129 1337 1221 1542 1201 1074 1750 1804 1633 1550 1538 1930 1139 1754 1862 1362 1281 1937 1538 1435 1305 1999 1699 1651 1136 1631 1343 1779 1221 1549 1467 1074 1611 1251 1489 1887 1197 1849 1688 1227 1701 1499 1418 1527 1810 1723 1987 1025 1808 1746 1965 1090 1518 1057 BCNSPRNW ULIB Ver.6.0+V

เปลี่ยนเป็นภาษาไทย

Change to English
 แสดงรายละเอียดบรรณานุกรม
  กลับหน้าหลัก

Brief Record : Get Marc (ISO 2709) : E-mail record : QR code < ปิดหน้าต่าง
LEADER : 00000nam 2200000uu 4500
001    13399125864
003     ULIB
008    020711s2017 th a 000 0 eng d
020    ^a9780702071713
060    ^aWQ300^bR-M
100    ^aRaynor, Maureen.
245    ^aMyles Survival Guide to Midwifery/^bRaynor, Maureen.
250    ^a3rd ed
260    ^aPhiladelphia :^bElsevier,^c2017
300    ^a608 pages;^c22 cm
650    ^aMidwifery
650  0 ^aLabor
945    ^p952^l0^i003252
999    ^aประนอม เกษจรัล
รายการนี้ยังไม่มีแท็ก
คุณยังไม่ได้ล็อกอิน คุณสามารถมีกิจกรรมร่วมกับเว็บไซต์ได้ แต่ต้องล็อกอินก่อน ::
  ล็อกอิน

รายการสื่อสารสนเทศ

ลำดับที่ ประเภท เลขเรียก/บาร์โค้ด สถานที่ สถานะ
1. หนังสือสำรอง
หนังสือสำรอง
WQ300 R-M ฉ.1 
  Barcode: 003252
ห้องสมุดวิทยาเขตสวรรค์ประชารักษ์
►หนังสือทั่วไป
บนชั้น

รายการใกล้เคียง
    หัวเรื่อง [Midwifery]
    หัวเรื่อง [Labor]

BibComment


ยังไม่เคยถูกคอมเมนท์

คอมเมนท์ทรัพยากรรายการนี้
  คอมเมนท์: Myles Survival G..


 Copyright 2026. Bcnsprnw @Library